The principles of state and Government in Islam (Record no. 24122)

000 -LEADER
fixed length control field 00211nam a22000737a 4500
003 - CONTROL NUMBER IDENTIFIER
control field Nust
005 - DATE AND TIME OF LATEST TRANSACTION
control field 20170320161152.0
008 - FIXED-LENGTH DATA ELEMENTS--GENERAL INFORMATION
fixed length control field 140507b xxu||||| |||| 00| 0 eng d
020 ## - INTERNATIONAL STANDARD BOOK NUMBER
Terms of availability 9839154095
040 ## - CATALOGING SOURCE
Transcribing agency 0
082 ## - DEWEY DECIMAL CLASSIFICATION NUMBER
Classification number 297.272 ASA
100 ## - MAIN ENTRY--PERSONAL NAME
Personal name Asad,Muhammad
245 ## - TITLE STATEMENT
Title The principles of state and Government in Islam
Statement of responsibility, etc. Muhammad Asad
260 ## - PUBLICATION, DISTRIBUTION, ETC.
Place of publication, distribution, etc. Kuala Lumpur
Name of publisher, distributor, etc. Academe Art and Printing Services
Date of publication, distribution, etc. 2007
300 ## - PHYSICAL DESCRIPTION
Extent 111 p.
500 ## - GENERAL NOTE
General note P.B
942 ## - ADDED ENTRY ELEMENTS (KOHA)
Source of classification or shelving scheme
Koha item type Book
Call number prefix 297.272 ASA
Holdings
Withdrawn status Lost status Source of classification or shelving scheme Damaged status Not for loan Collection code Permanent Location Current Location Shelving location Date acquired Total Checkouts Full call number Barcode Date last seen Price effective from Koha item type
            Institute of Environmental Science and Engineering (IESE) Institute of Environmental Science and Engineering (IESE) General Stacks 03/20/2017   297.272 ASA IESE-1425 03/20/2017 03/20/2017 Book
© 2023 Central Library, National University of Sciences and Technology. All Rights Reserved.